Datum a čas kvízu

20 Celkem bodů Celkový počet nahraných bodů na tomto kvízu bez doplňovacích otázek.
18. Pořadí na kvízu Konečné umístění týmu na tomto kvízu.

Zaznamenané odpovědi

# Otázka Odpověď Body Výsledky
1. Na politickou scénu se vracejí... Taťána Malá; spravedlnost 1
2. K půlročnímu vězení odsoudil n... líbali se 0
3. V úterý vystoupily v pražské O... Megadeth; Disturbed 1
4. Minulý týden jsme se dozvěděli... Venezuela 1
5. V neděli se na pardubickém dos... Stumptown; Irsko 0.5
6. Rozdělení Římské říše v roce 3... 476 (Západořímská) a 1453 (Východořímská) 0
7. Ve 14. století Evropu sevřela... D 1
8. Adolf Hitler se nepoučil z výs... 6. armáda, (Friedrich) Paulus 0
9. Jedním z největších přešlapů m... Lehman Brothers 0
10. Jak moc velkou chybou byl či n... A 0